Name The Bee Gees #1 Songs (US only) - Statistics

General Stats
  • This quiz has been taken 387 times
  • The average score is 4 of 9
Answer Stats
Hint Answer % Correct
1977 Stayin Alive
84%
1978 Night Fever
66%
1977 How Deep Is Your Love
65%
1975 Jive Talkin
54%
1979 Tragedy
53%
1976 You Should Be Dancing
47%
1978 Too Much Heaven
35%
1971 How Can You Mend A Broken Heart
25%
1979 Love You Inside Out
12%
No matching quizzes found
Score Distribution
Percent of People with Each Score
Percentile by Number Answered
Your Score History
You have not taken this quiz